00666nam a22001817a 4500003000400000008004100004020001800045082001400063100001900077245009700096250001300193260003900206300001100245650001200256942001300268999001700281952018600298OSt241022b |||||||| |||| 00| 0 eng d a9780500019979 a641.3 PEF aPEACOCK, John  aFashion Accessories: The Complete 20th Century Sourcebook with 2000 Full-Color Illustrations a1st. ed. aNew York,bThames & Hudson,c2000, a192 p. aB. FAD. 2ddccREF c12936d12936 00102ddc40708BFADaPIETNCRbPIETNCRd2024-10-01ePankaj Publication InternationalfIn Rupeesg3047.64kPPI-15l0o641.3 PEFpN3769r2024-10-22 00:00:00v2224.78w2024-10-01yREF